|
|
|
|
| LEADER |
00000nam a2200000 a 4500 |
| 001 |
UCV9069 |
| 003 |
CL-VaPUC |
| 008 |
920507e19650000US |||||||||||||||||eng|d |
| 082 |
0 |
4 |
|a 686.224
|b DUR
|2 21
|
| 100 |
|
|
|a Durero, Alberto
|e author
|9 265606
|
| 245 |
1 |
0 |
|a Of the just shaping of letters: from the applied geometry of Albrecht Dürer book
|
| 300 |
|
|
|a 40 p
|
| 942 |
|
|
|c BK
|
| 945 |
|
|
|d 19920507 00:00:00
|
| 260 |
|
|
|a Nueva York
|b Dover
|c 1965
|
| 650 |
|
0 |
|a Alfabetos
|9 265604
|
| 650 |
|
0 |
|a Obras ilustradas
|9 265022
|
| 650 |
|
7 |
|a LETRAS ORNAMENTALES
|2 CL-VaPUC
|9 303075
|
| 583 |
|
|
|a last modification
|c 19920507 00:00:00
|k Rodrigo Vera
|
| 999 |
|
|
|c 214465
|d 214463
|
| 952 |
|
|
|0 0
|1 0
|4 0
|6 686_224000000000000_DUR_1965
|7 0
|8 A
|9 197846
|a BIBARQ
|b BIBARQ
|d 2019-11-14
|i 2654989
|o 686.224 DUR 1965
|p 2654989
|r 2025-01-20
|w 2019-11-14
|y BK
|k ARQ
|
| 952 |
|
|
|0 0
|1 0
|4 0
|6 686_224000000000000_DUR_1965
|7 0
|8 A
|9 197847
|a BIBART
|b BIBART
|d 2019-11-14
|i 1381555
|o 686.224 DUR 1965
|p 1381555
|r 2025-03-13
|w 2019-11-14
|y BK
|k ART
|